00577 a2200169 4500010001400000020002300014035001300037037001800050082000800068100002000076245007600096260004200172270009900214300003300313500005000346650001100396 aENG-85186 a8188865214c350.00 aEN-68719 bD.B.Act / Pub14a1501 aBidyadhar S. A.1 aFocussing on some psychological dimensions of tribalcby Bidyadhar S A aDelhibGagandeep Publications,c2007. a212, Krishna Gali No. 2, MaujpurbDelhicDelhie110053k9312073850mgagandeepbooks@yahoo.co.in axx, 123 p.bill.c23 cm (Hb) aIncludes bibliographical references and index 0aTribal